Les fortifications de Vauban en France - Carte - Statistiques

Statistiques générales
  • Ce quiz a été pris 216 fois
  • Le résultat moyen est 24 sur 113
Réponses sur la Carte
Les réponses sont colorées sur une échelle allant du rouge au vert en fonction du pourcentage des utilisateurs qui les ont devinées à leur premier essai. Vous pouvez retrouver ces pourcentages ci-dessous.
 
Statistiques - réponses
Catégorie Nom % Correct
Citadelle et ville fortifiée Lille
74%
Citadelle et ville fortifiée Brest
66%
Citadelle et ville fortifiée Strasbourg
65%
Citadelle et ville fortifiée Dunkerque
64%
Ville fortifiée Marseille
63%
Ville fortifiée Cherbourg
62%
Ville fortifiée La Rochelle
62%
Ville fortifiée Saint-Malo
62%
Citadelle et ville fortifiée Calais
61%
Ville fortifiée Toul
61%
Citadelle et ville fortifiée Metz
59%
Citadelle et ville fortifiée Nice
57%
Ville fortifiée Toulon
57%
Ville fortifiée Nancy
56%
Citadelle et ville fortifiée Bayonne
53%
Citadelle et ville fortifiée Perpignan
52%
Citadelle et ville fortifiée Besançon
50%
Citadelle et ville fortifiée Nîmes
50%
Citadelle et ville fortifiée Arras
49%
Ville fortifiée Grenoble
48%
Citadelle et ville fortifiée Mézières
47%
Citadelle et ville fortifiée Valenciennes
46%
Citadelle et ville fortifiée Belfort
42%
Ville fortifiée Briançon
42%
Citadelle et ville fortifiée Sedan
40%
Citadelle et ville fortifiée Verdun
38%
Ville neuve fortifiée Rochefort
33%
Ville fortifiée Antibes
31%
Ville fortifiée Douai
31%
Citadelle et ville fortifiée Le Château d'Oléron
31%
Ville fortifiée Maubeuge
31%
Ville fortifiée Thionville
31%
Ville fortifiée Concarneau
30%
Ville fortifiée Abbeville
29%
Fort(s) Sète
29%
Fort(s) Fort d'Alès
27%
Fort(s) Saint-Omer
24%
Ville fortifiée Sélestat
24%
Ville neuve fortifiée Neuf-Brisach
22%
Citadelle et ville fortifiée Citadelle de Blaye
21%
Ville fortifiée Gravelines
20%
Citadelle et ville fortifiée Saint-Martin-de-Ré
20%
Ville fortifiée Embrun
18%
Citadelle et ville fortifiée Givet - Charlemont
18%
Citadelle et ville fortifiée Sisteron
18%
Citadelle et ville fortifiée Collioure
17%
Ville neuve fortifiée Longwy
17%
Citadelle et ville fortifiée Montreuil-sur-Mer
17%
Ville fortifiée Avesnes-sur-Helpe
16%
Ville fortifiée Bergues
16%
Fort(s) Château du Taureau (~Morlaix)
16%
Citadelle et ville fortifiée Saint-Jean-Pied-de-Port
16%
Citadelle et ville fortifiée Bitche
14%
Fort(s) Fouras
13%
Ville neuve fortifiée Mont-Dauphin
13%
Citadelle et ville fortifiée Le Palais
12%
Ville neuve fortifiée Mont-Louis
12%
Tour Tour de La Hougue
12%
Citadelle et ville fortifiée Rocroi
11%
Ville fortifiée Villefranche-de-Conflent
11%
Ville fortifiée Brouage
10%
Tour Camaret-sur-Mer
10%
Ville fortifiée Saint-Paul-de-Vence
10%
Ville fortifiée Le Quesnoy
9%
Ville fortifiée Montmédy
8%
Ville neuve fortifiée Phalsbourg
8%
Citadelle et ville fortifiée Port-Louis
8%
Fort(s) Château de Joux (~La Cluse et Mijoux)
7%
Ville fortifiée Condé-sur-l'Escaut
7%
Fort(s) Fort Médoc
7%
Ville neuve fortifiée Huningue
7%
Fort(s) Salins-les-Bains
7%
Fort(s) Salses
7%
Ville fortifiée Aire-sur-la-Lys
6%
Tour Ambleteuse
6%
Ville fortifiée Auxonne
6%
Fort(s) Château Queyras (~Château Ville Vieille)
6%
Fort(s) Fort de Bouc
6%
Fort(s) Fort la Latte
6%
Ville neuve fortifiée Fort-Louis
6%
Tour Fort Louvois (Chapus)
6%
Redoute(s) Port-Vendres
6%
Ville fortifiée Colmars
5%
Ville fortifiée Marsal
5%
Ville fortifiée Prats-de-Mollo
5%
Fort(s) Tour de Tatihou
5%
Ville fortifiée Bouchain
4%
Citadelle et ville fortifiée Entrevaux
4%
Fort(s) Fort Barraux
4%
Fort(s) Fort de Sainte-Marguerite
4%
Fort(s) Fort-l'Ecluse
4%
Fort(s) Fort-Lupin
4%
Tour Fort Pâté
4%
Fort(s) Guise
4%
Ville fortifiée Landrecies
4%
Ville fortifiée Navarrenx
4%
Tour Port-en-Bessin
4%
Fort(s) Roscanvel
4%
Citadelle et ville fortifiée Seyne
4%
Fort(s) Tour de Socoa
4%
Redoute(s) Chef-de-baie
3%
Fort(s) Fort Cézon
3%
Fort(s) Fort de Bellegarde
3%
Redoute(s) Fort de l'Aiguille
3%
Fort(s) Fort de la Prée
3%
Fort(s) Fort-les-Bains
3%
Fort(s) Landskron
3%
Fort(s) La Rade
3%
Redoute(s) Redoute de Martray
3%
Fort(s) Saint-Vincent-les-Forts
3%
Tour Ebihens
2%
Fort(s) Fort Blamont
2%
Redoute(s) Redoute de Sablanceaux
2%
Aucun quiz correspondant
Distribution des résultats
% des personnes avec chaque résultat
Percentile par nombre de réponses
Votre historique - résultats
Vous n’avez pas pris ce quiz